Normal view MARC view
  • Saraf R. S

Entry Personal Name

Number of records used in: 1

001 - CONTROL NUMBER

  • control field: 213076

003 - CONTROL NUMBER IDENTIFIER

  • control field: OSt

005 - DATE AND TIME OF LATEST TRANSACTION

  • control field: 20250916061317.0

008 - FIXED-LENGTH DATA ELEMENTS

  • fixed length control field: 250916|| aca||aabn | a|a d

040 ## - CATALOGING SOURCE

  • Original cataloging agency: OSt
  • Transcribing agency: OSt

100 ## - HEADING--PERSONAL NAME

  • Personal name: Saraf R. S

670 ## - SOURCE DATA FOUND

  • Source citation: Work cat.: (OSt)367799: Saraf R. S., Let's Learn Marathi: A Useful Book for Non-Marathi People to Learn Practical Marathi, 2024